|
|
|
|
| LEADER |
02112nam a22003617a 4500 |
| 001 |
mzk03001173889 |
| 003 |
CZ BrMZK |
| 005 |
20120109123200.0 |
| 007 |
ta |
| 008 |
120109s1557 au fr|||||00| ||gerod |
| 040 |
|
|
|a BOA001
|b cze
|c BOA001
|
| 072 |
|
7 |
|a 094
|x Staré tisky
|2 Konspekt
|9 12
|
| 080 |
|
|
|a (0.068)094
|2 MRF
|
| 100 |
0 |
|
|a Ferdinand
|b I. Habsburský,
|c římskoněmecký císař,
|d 1503-1564
|7 jn20000700519
|4 aut
|
| 245 |
1 |
0 |
|a Gerichtsproceß vnnd ordnung des Landsrechtens des Hochlöblichen Ertzhertzgthumbs Osterreich vnnder der Enns
|
| 260 |
|
|
|a Gedruckt zů Wienn :
|b durch Hans Singriener,
|c [1557]
|
| 300 |
|
|
|a [4], XXXIX, [1] listů ;
|c 2°
|
| 501 |
|
|
|a Obsahuje: Přívazek 1, Newe Müntz Ordnung. Smpt Valuirung der Gulden vnd Silbern Müntzen, Vnd darauff erfolgtem Edict, zu Wienn alles im jahr M.D.LX. auffgericht vnd aussgangen / Ferdinand I. -- Přívazek 2, Reformation Bestättigung vnd besserung, Weilendt kayser Ferdinanden, Hochlöblichster Gedechtnus, hieuror aussgangnen Pollicey Ordnung, In jrer Kayserlichen Mayestat, Niderösterreichischen Landen, jetzt von Newem Aussgangen vnd Publiciert ... / Maxmilián II. -- Přívazek 3, Ordnund vnd Reformation gůter Pollicey, In derselben fünff Niderösterreichischen Lannden vnd Fürstlichen Graffschafft Görtz, auffgericht vnnd ernewert, Anno 1552 / Ferdinand I.
|
| 563 |
|
|
|a Svázáno do dvoulistu z latinského pergamenového misálu ze 14. století
|
| 590 |
|
|
|a Chybí titulní list a tři další nečíslované listy
|
| 655 |
|
7 |
|a staré tisky
|7 fd422076
|2 czenas
|
| 903 |
|
|
|a RP
|
| 910 |
|
|
|a ZNE450
|b ZD-12.III.3
|
| 978 |
|
|
|b Singriener, Johann II
|a Wien
|c 1557
|
| 984 |
|
|
|a Vídeň
|b Rakousko
|
| 985 |
|
|
|a 1551-1600
|
| 990 |
|
|
|a BK
|
| 991 |
|
|
|k znojmo
|
| 980 |
|
|
|g ZD-12.III.3
|1 461030003018
|
| 996 |
6 |
|
|b 461030003018
|c ZD-12.III.3
|l stud. ST
|r Sklad / do násl. otevíracího dne
|n 0
|w 001742481
|u 000010
|a 1
|e BOA001
|s P
|
| 994 |
|
|
|a DN
|l MZK03
|b 001173890
|m záznam 1. díla
|n přívazek 1
|
| 994 |
|
|
|a DN
|l MZK03
|b 001173891
|m záznam 1. díla
|n přívazek 2
|
| 994 |
|
|
|a DN
|l MZK03
|b 001173892
|m záznam 1. díla
|n přívazek 3
|